000
00286nam a22001217a 4500
008
171228b xxu||||| |||| 00| 0 eng d
041
_a
eng
080
_a
721
100
_a
41
101
_a
ND
245
_a
SMALL KITCHEN MAKING EVERY INCH COUNT
_c
ROBIN.M
942
_2
udc
_c
BK
999
_c
39528
_d
39528